[Event "DEN-chT 2223 60th"]
[Site "Denmark"]
[Date "2023.03.05"]
[Round "7.1"]
[White "Thybo, Jesper Sondergaard"]
[Black "Nielsen, Viktor Haarmark"]
[Result "1-0"]
[WhiteElo "2498"]
[BlackElo "2384"]
[PlyCount "171"]
[EventDate "2022.10.29"]
[EventType "team-tourn"]
[EventRounds "9"]
[EventCountry "DEN"]
[SourceTitle "EXT 2024"]
[Source "ChessBase"]
[SourceDate "2023.10.10"]
[SourceVersion "1"]
[SourceVersionDate "2023.10.10"]
[SourceQuality "1"]
[WhiteTeam "Koge Xtracon"]
[BlackTeam "Obro"]
[WhiteTeamCountry "DEN"]
[BlackTeamCountry "DEN"]

1. Nf3 d5 2. g3 Bg4 3. Bg2 Nd7 4. h3 Bxf3 5. Bxf3 c6 6. d3 Ngf6 7. 0-0 e5 8. e4 dxe4 9. dxe4 Bc5 10. a4 a5 11. Qe2 0-0 12. Nd2 Qe7 13. Nc4 Rfd8 14. Rd1 Ne8 15. Bd2 Bb4 16. c3 Bc5 17. h4 Nd6 18. Bg5 Nf6 19. Nxa5 Rxa5 20. b4 Bxf2+ 21. Qxf2 Raa8 22. Bg2 h6 23. Bxf6 Qxf6 24. Qxf6 gxf6 25. Kf2 Kf8 26. Kf3 Ke7 27. Bh3 Nc4 28. a5 Nd2+ 29. Ke3 Nc4+ 30. Ke2 Nd6 31. Kf3 Nb5 32. Rac1 Rab8 33. Rxd8 Rxd8 34. Bf1 Nc7 35. Be2 Rd2 36. Ke3 Rb2 37. Kd3 Nb5 38. Rc2 Rb1 39. Ke3 Nd6 40. g4 Rh1 41. h5 Rh3+ 42. Bf3 Nc4+ 43. Kd3 Rxf3+ 44. Kxc4 Kd6 45. Rd2+ Kc7 46. Rd3 Rf4 47. Kc5 Rxe4 48. Rf3 Rxg4 49. Rxf6 Rg7 50. Rxh6 e4 51. Kd4 f5 52. Re6 Rf7 53. h6 f4 54. Rg6 f3 55. Rg7 Rxg7 56. hxg7 f2 57. g8Q f1Q 58. Qg3+ Kc8 59. Qg4+ Kb8 60. Qxe4 Qg1+ 61. Kc4 Ka8 62. Qd4 Qg5 63. Qd6 Qb5+ 64. Kb3 Qf1 65. Qd4 Kb8 66. Kc2 Ka8 67. Qd3 Qf2+ 68. Kb3 Qf7+ 69. Ka3 Ka7 70. Qd4+ Kb8 71. Qd8+ Ka7 72. Qb6+ Ka8 73. a6 bxa6 74. Qxa6+ Kb8 75. Qb6+ Ka8 76. Qxc6+ Kb8 77. Qb6+ Ka8 78. Qc6+ Kb8 79. Ka4 Ka7 80. c4 Qg7 81. Kb5 Qh7 82. Qd5 Qg7 83. c5 Qe7 84. c6 Qe2+ 85. Qc4 Qf3 86. Qd4+ 1-0

[Event "Bundesliga 2223"]
[Site "Germany"]
[Date "2023.02.26"]
[Round "9.5"]
[White "Van Wely, Loek"]
[Black "Thybo, Jesper Sondergaard"]
[Result "1/2-1/2"]
[WhiteElo "2629"]
[BlackElo "2498"]
[PlyCount "219"]
[EventDate "2022.10.21"]
[EventType "team-tourn"]
[EventRounds "15"]
[EventCountry "GER"]
[SourceTitle "CBM 213 Extra"]
[Source "ChessBase"]
[SourceDate "2023.05.31"]
[SourceVersion "1"]
[SourceVersionDate "2023.05.31"]
[SourceQuality "1"]
[WhiteTeam "Solingen"]
[BlackTeam "Kiel Turm"]
[WhiteTeamCountry "GER"]
[BlackTeamCountry "GER"]

1. c4 c5 2. Nf3 Nf6 3. Nc3 e6 4. g3 d5 5. cxd5 exd5 6. d4 Nc6 7. Bg2 cxd4 8. Nxd4 Bc5 9. Nb3 Bb6 10. Na4 0-0 11. Nxb6 axb6 12. Be3 h5 13. 0-0 h4 14. h3 hxg3 15. fxg3 Ne4 16. Bxe4 dxe4 17. Qxd8 Rxd8 18. g4 b5 19. Kf2 f5 20. Kg3 fxg4 21. hxg4 Ne5 22. Rf4 Nc4 23. Bd4 Na5 24. Nxa5 Rxd4 25. Nb3 Rb4 26. Rd1 Be6 27. Rd4 Rxd4 28. Nxd4 Bxa2 29. Nxb5 Bc4 30. Nc3 b5 31. Rxe4 Rd8 32. Kf4 Rd2 33. b3 Bxb3 34. Nxb5 Bc2 35. Re5 Rd1 36. Ke3 Rg1 37. Nd4 Ba4 38. g5 Kh7 39. Ne6 Kg6 40. Nf4+ Kf7 41. Ra5 Bc2 42. Rc5 Bb1 43. Rb5 Bc2 44. Kf2 Rg4 45. Kf3 Rg1 46. e4 Re1 47. Rf5+ Kg8 48. Re5 Rf1+ 49. Ke3 Re1+ 50. Kd4 Rd1+ 51. Kc3 Bb1 52. g6 Kf8 53. Re6 Rd7 54. e5 Rc7+ 55. Kd4 Rd7+ 56. Kc5 Rc7+ 57. Kd4 Rd7+ 58. Kc5 Rc7+ 59. Kd6 Rc4 60. Nd5 Bf5 61. Re7 Bxg6 62. e6 Be8 63. Ra7 Rc6+ 64. Ke5 Rc1 65. Ra8 Re1+ 66. Kd6 Rc1 67. Ra2 Rd1 68. Ke5 Re1+ 69. Kd6 Rd1 70. Ra3 Rd2 71. Ra1 Kg8 72. Ra8 Kf8 73. Ke5 Re2+ 74. Kf5 Rf2+ 75. Ke5 Re2+ 76. Kd6 Rd2 77. Rc8 Rd1 78. Ke5 Re1+ 79. Kf5 g6+ 80. Kf6 Rf1+ 81. Ke5 Re1+ 82. Kd6 Rd1 83. Ra8 Rd2 84. Ra7 Rd1 85. Rb7 Rd2 86. Rh7 Kg8 87. Rd7 Kf8 88. Rd8 Rd1 89. Ke5 Re1+ 90. Kd6 Rd1 91. Rb8 Rd2 92. Kc5 Rd1 93. Ra8 Rd2 94. Ra7 Rc2+ 95. Kd6 Rd2 96. Rc7 Rd1 97. Rc8 Rd2 98. Rc5 Rd1 99. Ra5 Rd2 100. Ra1 Rd3 101. Ke5 Rd2 102. Rf1+ Kg7 103. Nc7 Re2+ 104. Kd6 Rd2+ 105. Ke5 Re2+ 106. Kd4 Ba4 107. Ra1 Bb3 108. Kd3 Rxe6 109. Nxe6+ Bxe6 110. Ke4 1/2-1/2